Loading...

യാത്ര

Bibliographic Details
Main Authors: നിത്യ ചൈതന്യ യതി, Nithya Chaithanya Yathi
Format: Printed Book
Published: Kottayam; Current Books; 1987
Edition:1st
Subjects:
LEADER 00665nam a22001817a 4500
082 |a 915.404  |b NIT/Y 
100 |a നിത്യ ചൈതന്യ യതി  |9 108249 
100 |a Nithya Chaithanya Yathi  |9 108250 
240 |a Yathra 
245 |a യാത്ര 
250 |a 1st 
260 |a Kottayam;  |b Current Books;  |c 1987 
300 |a 222p. 
650 |a മലയാളം; യാത്രാവിവരണം   |9 108251 
650 |a Malayalam; Travellogue  |9 108252 
942 |c BK 
999 |c 54532  |d 54532 
952 |0 0  |1 0  |4 0  |6 915_404000000000000_NIT_Y_P8  |7 0  |8 TRA  |9 64855  |a MAL  |b MAL  |d 2016-06-07  |e 52289  |g 110.00  |l 0  |o 915.404 NIT/Y P8  |p MAL052289  |r 2016-06-07  |t 1  |w 2016-06-07  |y BK